Statistics for Disney Songs

Click here to take the quiz!

General Stats

  • This quiz has been taken 206 times
  • The average score is 16 of 25

Answer Stats

SongsMovies% Correct
Arabian nightsAladdin
98%
He's a trampLady and the tramp
94%
A dream is a wish your heart makesCinderella
93%
Part of your worldThe little mermaid
92%
let it gofrozen
86%
I just can't wait to be kingLion king
86%
How far i'll gomoana
81%
ReflectionMulan
81%
Almost thereThe princess and the frog
80%
Go the distanceHercules
75%
Strangers like meTarzan
75%
i've got a dreamtangled
68%
he mele no liloLilo and Stitch
65%
Life is a highwaycars
63%
Try everythingZootopia
58%
remember mecoco
54%
out thereThe hunchback of notre dame
49%
touch the skybrave
43%
why should i worryoliver and company
42%
If i ever knew youPocahontas
42%
oo-de-lallyRobin hood
40%
ever ever afterenchanted
28%
If i didn't have youMonsters inc
27%
he lives in youlion king 2
21%
Once upon a dreamMaleficent
14%

Score Distribution

Percentile by Number Answered

Percent of People with Each Score

Your Score History

You have not taken this quiz